Statistics for Football most games played 2023/24 Bayern

Click here to take the quiz!

General Stats

  • This quiz has been taken 13 times
  • The average score is 13 of 15

Answer Stats

HintAnswer% Correct
GKManuel Neuer
100%
CAMThomas Müller
100%
LBAlphonso Davies
90%
STEric-Maxim Choupo-Moting
90%
STHarry Kane
90%
CAMJamal Musiala
90%
CDMJoshua Kimmich
90%
CBKim Min-Jae
90%
CMLeon Goretzka
90%
RWLeroy Sane
90%
CBMatthijs de Ligt
90%
CBDayot Upamecano
80%
LWKingsley Coman
80%
CDMKonrad Laimer
80%
STMathys Tel
80%

Score Distribution

Percentile by Number Answered

Percent of People with Each Score

Your Score History

You have not taken this quiz